Obálka Náhled e-knihy:
Epub
Pro půjčování e-knih musíte být přihlášeni.
Jak si půjčit online?

Nežer to! : naučte svého psa nežrat vše, co kde najde /

Autorka v příručce přináší výcvikové nástroje, díky kterým svého psa odnaučíte vyhledávat nevhodnou či zdraví škodlivou potravu.

Uloženo v:
Hlavní autor: Mueller, Simone (Autor)
Další autoři: Garner, Charlotte (Autor), Dušková, Jana, 1960- (Autor)
Médium: E-kniha
Jazyk:Czech
Vydáno: Praha : Plot, 2026
Vydání:Vydání první
Témata:
psi
Tagy:
Žádné tagy
LEADER 02386nam a2200565 i 4500
001 302988
003 CZ PrSKC
005 20260516063243.0
007 ta
008 260326s2026 xr a e f 000 0 cze
015 |a cnb003747235 
020 |a 9788074285066  |q (vázáno) 
040 |a OLA001  |b cze  |e rda 
041 1 |a cze  |h eng 
072 7 |a 636  |x Chov zvířat. Živočišná výroba  |2 Konspekt 
080 |a 636.7  |2 MRF 
080 |a 591.5  |2 MRF 
080 |a 636.088  |2 MRF 
080 |a 636.08  |2 MRF 
080 |a (035)  |2 MRF 
100 1 |a Mueller, Simone  |7 xx0342313  |4 aut 
240 1 0 |a Don't eat that!.  |l Česky 
245 1 0 |a Nežer to! :  |b naučte svého psa nežrat vše, co kde najde /  |c Simone Muellerová a Charlotte Garnerová ; z anglického originálu Don't eat that! ... přeložila Jana Dušková 
250 |a Vydání první 
264 1 |a Praha :  |b Plot,  |c 2026 
300 |a 146 stran :  |b barevné ilustrace ;  |c 22 cm 
336 |a text  |b txt  |2 rdacontent 
337 |a bez média  |b n  |2 rdamedia 
338 |a svazek  |b nc  |2 rdacarrier 
500 |a Terminologický slovník 
500 |a Obsahuje QR kódy s přístupem k rozšiřujícím materiálům 
520 2 |a Autorka v příručce přináší výcvikové nástroje, díky kterým svého psa odnaučíte vyhledávat nevhodnou či zdraví škodlivou potravu. 
650 0 7 |a psi  |7 ph115940  |2 czenas 
650 0 7 |a chování živočichů  |7 ph189267  |2 czenas 
650 0 7 |a výcvik zvířat  |7 ph135107  |2 czenas 
650 0 7 |a chov domácích zvířat  |7 ph119200  |2 czenas 
650 0 9 |a dogs  |2 eczenas 
650 0 9 |a animal behavior  |2 eczenas 
650 0 9 |a animal training  |2 eczenas 
650 0 9 |a keeping of domestic animals  |2 eczenas 
655 7 |a příručky  |7 fd133209  |2 czenas 
655 9 |a handbooks and manuals  |2 eczenas 
700 1 |a Garner, Charlotte  |7 xx0342310  |4 aut 
700 1 |a Dušková, Jana,  |d 1960-  |7 pna2011619105  |4 trl 
710 2 |a Nakladatelství Plot  |7 kv2007363905  |4 pbl 
900 |a ABA001  |b 20 
044 |a xr 
910 |a RBIT002 
998 |d 427113  |a https://core.palmknihy.cz/api/books/427113/cover?tf1a4u  |b https://core.palmknihy.cz/api/books/427113/cover/400?tf1a4u  |c https://core.palmknihy.cz/api/books/427113/cover/50?tf1a4u  |e 2031-02-20  |g 152  |i 9788074285066  |j https://core.palmknihy.cz/api/books/427113/preview.epub  |l   |q 49  |r 1  |s https://www.palmknihy.cz/kniha/427113  |t ebook  |y 2026  |z 0 
999 |d 302986